000 00768cab a2200241 4500
001 ABS42719
008 090401t1990 xxu||||| |||| 00| 0 eng d
035 _a(Sirsi) u38547
041 _aeng
100 _aWhite, P.
245 _aCornish partners thinking big in mining area upgrade
260 _c1990
350 _a0
490 _aPlanning (for the Natural and Built Environment)
_v(867) 4 May 1990, 30-31(2)
520 _aReports on an innovative five-year programme to improve the environment and leisure facilities in an area of Cornwall once used extensively for mining .
650 _aDERELICT LAND
650 _aENVIRONMENTAL STRATEGY
650 _aLAND RECLAMATION
650 _aTOURISM
690 _aLAND
942 _n0
948 _c04/03/1997
999 _c24774
_d24774